Mineral nutrition of tropical orchids /
محفوظ في:
| المؤلف الرئيسي: | |
|---|---|
| التنسيق: | أطروحة كتاب |
| اللغة: | English |
| منشور في: |
1992.
|
| الموضوعات: | |
| الوسوم: |
إضافة وسم
لا توجد وسوم, كن أول من يضع وسما على هذه التسجيلة!
|
| LEADER | 00763cam a2200241 a 4500 | ||
|---|---|---|---|
| 001 | u240977 | ||
| 003 | SIRSI | ||
| 008 | 920819s1992 si v 00 1 eng | ||
| 035 | |a ABC-6645 | ||
| 040 | |a UMM | ||
| 043 | |a w------ | ||
| 090 | |a QK495 |b O64Lim | ||
| 100 | 1 | 0 | |a Lim, Lee Yee. |
| 245 | 1 | 0 | |a Mineral nutrition of tropical orchids / |c by Lim Lee Yee. |
| 260 | |c 1992. | ||
| 300 | |a xxvi, 239 leaves : |b ill. ; |c 30 cm. | ||
| 502 | |a Dissertation (M.Sc.) -- National University of Singapore, 1992. | ||
| 504 | |a Bibliography: p. leaves 199-239. | ||
| 650 | 0 | |a Orchids |x Nutrition. | |
| 650 | 0 | |a Orchids |z Tropics. | |
| 948 | |a 19/08/1992 |b 22/08/2002 | ||
| 596 | |a 1 | ||
| 999 | |a QK495 O64LIM |w LC |c 1 |i A011136184 |d 27/5/2008 |e 27/5/2008 |l STACKS |m P01UTAMA |n 1 |r Y |s Y |t TESIS |u 22/9/1992 | ||
